000 003420000a22000970004500
100 1 _aKöstenberger, Andreas J. (1957- )
245 1 0 _aEarly doubts about the fourth gospel's Johannnine authorship in the modern history of interpretation
300 _aVol. 5, Núm 1 (1996), Páginas 37-46
773 0 _tEuropean Journal of Theology
942 _cANA
999 _c54054
_d54054